Actas
Gespeichert in:
| Körperschaft: | |
|---|---|
| Format: | Buch |
| Sprache: | Spanisch |
| Veröffentlicht: |
Mendoza
Universidad Nacional de Cuyo
1988
|
| Schlagworte: | |
| Tags: |
Tag hinzufügen
Keine Tags, Fügen Sie den ersten Tag hinzu!
|
MARC
| LEADER | 00000nam a2200000 a 4500 | ||
|---|---|---|---|
| 001 | UCT7333 | ||
| 003 | CL-VaPUC | ||
| 005 | 20220427074657.0 | ||
| 008 | 970117e19880000ag 1 spa d | ||
| 082 | 0 | 4 | |a 860.9 |b SIM |2 21 |
| 110 | 2 | |a Simposio Internacional el Vino en la Literatura Española Medieval Presencia y Símbolo |e author |9 618172 | |
| 245 | 1 | 0 | |a Actas |
| 260 | |a Mendoza |b Universidad Nacional de Cuyo |c 1988 | ||
| 300 | |a 251 p | ||
| 583 | |a last modification |c 19970117 00:00:00 |k Rodrigo Vera | ||
| 650 | 0 | 7 | |a LITERATURA MEDIEVAL ESPAÑOLA |2 CL-VaPUC |9 474353 |
| 650 | 0 | 0 | |a Literatura española |9 306261 |
| 650 | 0 | 0 | |a Historia y crítica |9 257407 |
| 650 | 0 | 0 | |a Congresos |9 257560 |
| 942 | |c BK | ||
| 945 | |a rleighto |d 19970117 00:00:00 | ||
| 546 | |a En Español | ||
| 518 | |p Simposio Internacional El Vino en la Literatura Española Medieval Presencia y Símbolo, Mendoza, 11 al 13 de Agosto de 1988 | ||
| 999 | |c 382817 |d 382815 | ||
| 952 | |0 0 |1 0 |4 0 |6 860_900000000000000_SIM_1988 |7 0 |8 A |9 504708 |a BIBEDU |b BIBEDU |d 2020-01-23 |i 3283437 |o 860.9 SIM 1988 |p 3283437 |r 2020-01-23 |w 2020-01-23 |y BK |k LIT | ||